| 000 | 00659nam a22001937a 4500 | ||
|---|---|---|---|
| 999 |
_c172240 _d172240 |
||
| 005 | 20200130123644.0 | ||
| 010 | _aENG-127572 | ||
| 020 |
_a9789388927611 _c450.00 |
||
| 035 | _aEN-111104 | ||
| 037 | _bDBAD/PUB | ||
| 082 | _a880.88 | ||
| 100 | _aVyas,Namrata | ||
| 245 |
_asearch of Identity in women characters : _cby Vyas, Namrata _bChallenges and Autonomy in Island of a thousand mirror by Nayomi Munaweera/ |
||
| 260 |
_aAhmedabad _bVedant Publication _c2019 |
||
| 270 |
_bAhmedabad _aRajkot, Ahmedabad, Surat _e360001 |
||
| 300 |
_a113p. _b21cm(pbk) |
||
| 500 | _ainclude bibliographical references | ||
| 942 |
_2ddc _cEN _h880 _mVYA |
||